LIBRARY & INFORMATION CENTRE, KCAET, TAVANUR

ONLINE PUBLIC ACCESS CATALOGUE (OPAC)

Text book of physical chemistry, Vol 2 / (Record no. 9565)

MARC details
000 -LEADER
fixed length control field 00460cam a2200181ua 4500
020 ## - INTERNATIONAL STANDARD BOOK NUMBER
ISBN 33390-340-4
041 ## - LANGUAGE CODE
Language code of text/sound track or separate title eng
082 ## - DEWEY DECIMAL CLASSIFICATION NUMBER
Classification number 541.3
Item number KAP/TE
100 ## - MAIN ENTRY--AUTHOR NAME
Personal name Kapoor, K L .
245 ## - TITLE STATEMENT
Title Text book of physical chemistry, Vol 2 /
250 ## - EDITION STATEMENT
Edition statement 1 /
260 ## - PUBLICATION, DISTRIBUTION, ETC. (IMPRINT)
Place of publication Chennai :
Name of publisher McMillan and company ,
Year of publication 1981.
300 ## - PHYSICAL DESCRIPTION
Number of Pages 405 ; .
942 ## - ADDED ENTRY ELEMENTS (KOHA)
Koha item type Books
Holdings
Withdrawn status Lost status Damaged status Home library Current library Date acquired Full call number Accession Number Koha item type
      KAUAET KAUAET 01/09/1986 541.3 KAP/TE 15583 Books
free website counter